МАРК-запис
| 000 -Лідер |
| fixed length control field |
05247nam a22003617a 4500 |
| 001 - Контрольний номер |
| control field |
68173 |
| 003 - Ідентифікатор контрольного номера |
| control field |
UA-OsUOA |
| 005 - Дата та час останнього входження (трансакції) |
| control field |
20200323222640.0 |
| 007 - Фіксоване поле фізичного опису |
| fixed length control field |
ta |
| 008 - Елементи даних фіксованої довжини – загальна інформація |
| fixed length control field |
20100409b un ||||| |||| 00| 0 ukr d |
| 020 ## - Міжнародний стандартний книжковий номер (ISBN) |
| Міжнародний стандартний книжковий номер (ISBN) (НП) |
9789668226762 |
| 040 ## - Джерело каталогізації |
| Агенція оригінальної каталогізації |
UA-OsUOA |
| Мова каталогізації |
ukr |
| Агенція, яка здійснювала перезапис |
UA-OsUOA |
| Агенція, яка здійснювала модифікацію |
UA-OsUOA |
| 041 ## - Код мови |
| Код мови тексту/ звукової доріжки чи окремого заголовка (П) |
ukr |
| 080 ## - Індекс Універсальної десяткової класифікації |
| Індекс Універсальної десяткової класифікації (УДК) (НП) |
655.41:330.33.01 |
| 090 ## - Локальний шифр розміщення |
| Класифікаційний індекс УДК |
655.41:330.33.01 |
| Авторський знак (НП) |
Т35 |
| 100 ## - Основне введення – ім’я особи |
| Ім’я особи (НП) |
Теремко В. І. |
| 245 ## - Відомості про назву |
| Назва (НП) |
Основні засади видавничого бізнесу |
| Решта назви (НП) |
навчальний посібник |
| 260 ## - Публікація, розповсюдження і т.п. (Вихідні дані) |
| Місце публікації, розповсюдження і т.п. (П) |
К. |
| Ім’я/ наймення видавництва, розповсюджувача і т.п. (П) |
Академвидав |
| Дата публікації, розповсюдження і т.п. (П) |
2009 |
| 300 ## - Фізичний опис |
| Обсяг |
136 с. |
| 520 3# - Резюме і т.п. |
| Резюме, реферат, анотація, тощо (НП) |
Момент істини у видавничій справі пов’язаний із вибором чи ігноруванням споживачами видавничого продукту. А книжковий прилавок є полем випробувань фахової спроможності видавця, його здатності мислити категоріями ринку. Один із кроків до опанування так |
| 520 3# - Резюме і т.п. |
| Резюме, реферат, анотація, тощо (НП) |
ої ділової культури пов’язаний із заглибленням у проблематику видавничого бізнесу, осмислення основних засад якого викладено у пропонованому виданні. Наступні — «Видавничий маркетинг», «Видавничий менеджмент».Для студентів вищих навчальних закладів, |
| 520 3# - Резюме і т.п. |
| Резюме, реферат, анотація, тощо (НП) |
усіх, хто переймається питанням ефективної видавничої діяльності.Зміст1. Видавничий бізнес як особливий вимір діяльності1.1. Сутність, особливості, суб’єкти та об’єкти видавничого бізнесу1.2. Видавництво як соціально-економічна організація 1 |
| 520 3# - Резюме і т.п. |
| Резюме, реферат, анотація, тощо (НП) |
.3. Видавнича продукція (книга) як специфічний товар1.4. Основні тенденції видавничого бізнесу в сучасній Україні2. Економічна специфіка видавничого бізнесу2.1. Видавничий бізнес як елемент ринку2.2. Конкуренція — умова функціонування і розвит |
| 520 3# - Резюме і т.п. |
| Резюме, реферат, анотація, тощо (НП) |
ку ринку. Особливість конкуренції у видавничому бізнесі2.3. Вплив дії економічних законів і закономірностей на функціонування суб’єктів видавничого бізнесу2.4. Можливості та обмеження у видавничому бізнесі2.5. Ризики у видавничому бізнесі3. По |
| 520 3# - Резюме і т.п. |
| Резюме, реферат, анотація, тощо (НП) |
тенціал, ресурси та активи у видавничому бізнесі3.1. Основні елементи потенціалу суб’єкта видавничого бізнесу3.2. Нематеріальні ресурси та активи у видавничому бізнесі3.3. Видавнича і підприємницька ідеї як особливі активи у видавничому бізнесі2 |
| 520 3# - Резюме і т.п. |
| Резюме, реферат, анотація, тощо (НП) |
4. Започатку-вання та організування видавничого бізнесу4.1. Визначення стратегічного потенціалу і конкурентоспроможності суб’єкта видавничого бізнесу4.2. Вибір організаційної форми і способів здійснення видавничого бізнесу4.3. Бізнес-план як з |
| 520 3# - Резюме і т.п. |
| Резюме, реферат, анотація, тощо (НП) |
асіб обґрунтування і реалізації підприємницької ідеї5. Місія, цілі, стратегія і тактика діяльності суб’єктів видавничого бізнесу5.1. Місія суб’єкта видавничого бізнесу5.2. Мета і цілі суб’єкта видавничого бізнесу5.3. Стратегії суб’єктів видавн |
| 520 3# - Резюме і т.п. |
| Резюме, реферат, анотація, тощо (НП) |
ичого бізнесу5.4. Тактика суб’єктів видавничого бізнесу 6. Особистість і фактори успіху у видавничому бізнесі6.1. Особистість — найважливіший чинник у видавничому бізнесі6.2. Психологічні передумови успіху у видавничому бізнесі6.3. Етичні а |
| 520 3# - Резюме і т.п. |
| Резюме, реферат, анотація, тощо (НП) |
спекти видавничого бізнесу6.4. Ділова репутація у видавничому бізнесіКороткий термінологічний словник Література |
| 650 #7 - Додаткове предметне введення – тематичний термін |
| Тематичний термін чи географічна назва, як елемент введення (НП) |
655 Поліграфічна промисловість. Поліграфічні підприємства. Видавництва. Книжкова торгівля |
| Джерело заголовка чи терміна |
UDC |
| 942 ## - Додаткові елементи входу (Коха) |
| Тип елемента Koha |
Книги |
| Source of classification or shelving scheme |
Universal Decimal Classification |
| 955 ## - Код типу видання за змістом |
| Код типу видання за змістом (НП) |
Навчальні видання |